| 000 | | | 05268cam2a2200000#x 450 |
| 001 | | | e5b479c502e5448e871eea338cab8a40 |
| 005 | | | 20230904153030.0 |
| 100 | ## | $a | 20130919l19061906k y0rusy0189 ca |
| 101 | 0# | $a | rus |
| 102 | ## | $a | RU |
| 251 | ## | $c | Дело |
| 225 | 0# | $a | Фонд Совет министров (1905-1917) |
| | $h | Опись № 2 |
| | $i | 1906 г. |
| 300 | ## | $a | Печатный текст |
| 324 | ## | $a | Пленка |
| 801 | #0 | $a | RU |
| | $b | РГИА |
| | $c | 20130919 |
| 801 | #1 | $a | RU |
| | $b | ГлавНИВЦ |
| | $c | 20130919 |
| | $2 | rusmarc |
| 801 | #2 | $a | RU |
| | $b | ПБ им. Б.Н. Ельцина |
| | $c | 20130919 |
| | $g | RCR |
| | $2 | rusmarc |
| 850 | ## | $a | Федеральное казенное учреждение "Российский государственный исторический архив" |
| 852 | ## | $a | РГИА |
| | $j | 156 |
| 937 | ## | $a | ASBIBLIO_SCAN |
| | $b | РГИА_1276:_2:_156: |
| | $d | 1007649 |
| | $h | РГИА |
| 200 | 1# | $a | Об ассигновании кредита на содержание усиленного состава полиции в гор. Баку для борьбы с забастовками рабочих на нефтяных промыслах |
| | $j | 30 мая - 21 июня 1906 года |
| 215 | ## | $a | 6 листов |
| 035 | ## | $a | e5b479c502e5448e871eea338cab8a40 |
| 122 | 2# | $a | d19060530## |
| | $a | d19060621## |
| 461 | #0 | $1 | 001c7912e80-a322-4844-9992-beca65726c82 |
| | $1 | 2001 |
| | $a | Совет министров (1905-1917) |
| | $1 | 251 |
| | $c | Фонд |
| | $1 | 852 |
| | $j | 1276 |
| 462 | #0 | $1 | 001d664bd18-3b24-453a-bfae-1f3e6e7cc1e9 |
| | $1 | 2001 |
| | $a | 1906 г. |
| | $v | Д. 156 |
| | $1 | 251 |
| | $c | Опись |
| | $1 | 852 |
| | $j | 2 |
| 606 | 1# | $2 | nlr_sh1 |
| | $3 | RU\NLR\AUTH\66268788 |
| | $a | Буржуазно-демократическая революция |
| | $z | 1905 - 1907 |
| | $y | Баку, город (Азербайджан) |
| | $j | Архивные дела |
| 606 | 1# | $a | Политическая полиция |
| | $2 | nlr_sh |
| | $3 | RU\NLR\AUTH\661255109 |
| | $x | История |
| | $y | Россия |
| | $j | Архивные дела |
| 605 | ## | $2 | acquisition_Prlib |
| | $3 | LIBNET\UAF\0000078205 |
| | $a | Россия – Азербайджан: из истории взаимоотношений |
| | $l | коллекция |
| 605 | ## | $2 | acquisition_Prlib |
| | $3 | DITM\AF\0000003834 |
| | $a | Народ |
| | $l | коллекция |
| 605 | ## | $2 | acquisition_Prlib |
| | $3 | DITM\AF\0000002775 |
| | $a | Власть |
| | $l | коллекция |
| 605 | ## | $a | Территория |
| | $l | коллекция |
| | $2 | acquisition_Prlib |
| | $3 | DITM\AF\0000004675 |
| 686 | ## | $2 | rubbk |
| | $a | 63.3(5Азе)6-36ю11 |
| | $v | LBC/M |